Kurs elektrotechniki i radiotechniki dlja pedagogičeskich institutov.

Uložené v:
Podrobná bibliografia
Hlavný autor: Malov, N. N.
Médium: Kniha
Jazyk:Slovak
Vydané: 1952.
Fyzický popis: 432 s.
Tagy: Pridať tag
Žiadne tagy, Buďte prvý kto otaguje tento záznam!

MARC

LEADER 00000nam a22000004a 4500
001 000574635
005 20190724094601.0
008 180312s1952 xo e 000 0 slo d
040 |a SVKKK  |b slo  |c SVKKK  |e AACR2 
100 1 |a Malov, N. N. 
245 1 0 |a Kurs elektrotechniki i radiotechniki dlja pedagogičeskich institutov. 
260 |c 1952. 
300 |a 432 s. 
500 |a Záznam revízie 
910 |a svkkk 
998 |a BK 
090 |g SCKHL  |k Sklad  |a III.10255  |j 62808  |i 2720535711  |n Zastaraná  |s Vyradená 
090 |g SCKHL  |k Sklad  |a III.9209  |j 18221  |i 2720524951  |4 Zastaraná  |s Vyradená